Tunnettuja Kerttuja - Statistics

Yleistilastot
  • Tätä visaa on pelattu 68 kertaa
  • Keskiarvotulos 2 / 7
Vastaustilastot
Vihje Vastaus % Oikein
Hiihtäjä Kerttu Niskanen
98%
Meteorologi Kerttu Kotakorpi
66%
Näyttelijä Kerttu Rissanen
34%
Poliitikko Kerttu Saalasti
10%
Vakooja Kerttu Nuorteva
9%
Näyttelijä Kerttu Krohn
3%
Näyttelijä Kerttu Salmi
3%
Ehtoja vastaavia visoja ei löytynyt
Tulosjakauma
Jokaisen tuloksen saaneiden osuus
Persentiili vastausten määrän mukaan
Tuloshistoriasi
Et ole pelannut tätä visaa